DragonForce - Sonic Firestorm - Statistics

General Stats
  • This quiz has been taken 5 times
  • The average score is 7 of 9
Answer Stats
Answer % Correct
Above the Winter Moonlight
100%
Fury of the Storm
100%
Cry of the Brave
75%
Dawn Over a New World
75%
My Spirit Will Go On
75%
Prepare for War
75%
Soldiers of the Wasteland
75%
Fields of Despair
50%
Once in a Lifetime
50%
No matching quizzes found
Score Distribution
Percent of People with Each Score
Percentile by Number Answered
Your Score History
You have not taken this quiz